Fettered freedom; civil liberties and the slavery controversy, 1830-1860.

Bibliographic Details
Main Author: Nye, Russel B. (Russel Blaine), 1913-1993
Format: Book
Language:English
Published: East Lansing : Michigan State College Press, 1949.
Subjects:

MARC

Tag First Indicator Second Indicator Subfields
LEADER 00000cam a2200000 4500
001 in00000059603
005 20151008050507.0
008 740820s1949 miu b 00000 eng u
010 |a  49003656  
035 |a (OCoLC)00982617 
035 |9 AAG1379AM 
040 |c ITD  |d TXA  |d UtOrBLW 
049 |a TXAM  |c [247492] 
050 0 0 |a JC599.U5  |b N9 
082 0 |a 323.4 
092 |a 323.4  |b N994f 
100 1 |a Nye, Russel B.  |q (Russel Blaine),  |d 1913-1993. 
245 1 0 |a Fettered freedom; civil liberties and the slavery controversy, 1830-1860. 
264 1 |a East Lansing :  |b Michigan State College Press,  |c 1949. 
300 |a xii, 273 pages :  |b illustrations, portraits ;  |c 24 cm. 
336 |a text  |b txt  |2 rdacontent 
337 |a unmediated  |b n  |2 rdamedia 
338 |a volume  |b nc  |2 rdacarrier 
504 |a "Bibliography of sources": pages 253-269. 
650 0 |a Civil rights  |z United States. 
650 0 |a Slavery  |z United States. 
999 |a MARS 
999 f f |s 04ba2bdc-d56f-31e5-adeb-5f014cef2379  |i 9353a60e-5572-3a82-80bb-51d832e308f2  |t 0